000 00546nam a2200205Ia 4500
003 OSt
005 20241112103506.0
008 210324s9999||||xx |||||||||||||| ||und||
040 _cSTCPL
041 _aHIN
082 _aH1
_bRAM-K
100 _a Tivari, Ramasankar
_qरामाशंकर तिवारी
245 0 _aKavya chintha /
_cby Ramasankar Tivari
260 _aVaranasi :
_bThe Chocokhamba Vidya Bhawan ,
_c1963 .
300 _a242 p.
_bHB
650 _aHindi literature
650 _aPoem
942 _cBK
942 _2ddc
999 _c10260
_d10260